|
|
|
|
| LEADER |
01616nam a2200325 a 4500 |
| 001 |
GR-Patra21752 |
| 008 |
070530s2004 xxk g b 001 0 eng d |
| 020 |
|
|
|a 0750657332
|
| 040 |
|
|
|a GrPaTEI
|b gre
|c GR-PaULI
|
| 040 |
|
|
|a GrPaTEI
|b gre
|c GR-PaULI
|
| 082 |
|
0 |
|a 690.24
|2 21
|
| 100 |
1 |
|
|a Beckmann, Poul
|
| 245 |
1 |
0 |
|a Structural aspects of building conservation /
|c Poul Beckmann and Robert Bowles.
|
| 250 |
|
|
|a 2nd ed.
|
| 260 |
|
|
|a Oxford (Elsevier Butterworth-Heinemann),
|c 2004
|
| 300 |
|
|
|a xxiii, 341 σ. :
|b εικ.
|
| 504 |
|
|
|a Περιλαμβάνει βιβλιογραφικές παραπομπές (σ. 324-330) και ευρετήριο.
|
| 650 |
|
0 |
|a Historic buildings
|x Conservation and restoration
|
| 650 |
|
0 |
|a Historic buildings
|x Maintenance and repair
|
| 650 |
|
0 |
|a Historic buildings
|x Remodeling for other use
|
| 650 |
|
0 |
|a Structural analysis (Engineering)
|
| 650 |
|
4 |
|a Ιστορικά κτίρια
|x Διατήρηση και επισκευή
|
| 653 |
|
|
|a ΙΣΤΟΡΙΚΑ ΚΤΙΡΙΑ - ΣΥΝΤΗΡΗΣΗ ΚΑΙ ΕΠΙΣΚΕΥΗ
|
| 700 |
1 |
|
|a Bowles, Bobert
|
| 710 |
0 |
|
|a Elsevier Butterworth-Heinemann
|
| 942 |
|
|
|2 ddc
|
| 952 |
|
|
|0 0
|1 0
|2 ddc
|4 0
|6 690_240000000000000_BEC
|7 0
|9 302016
|a LISK
|b LISK
|c BSC
|d 2021-01-17
|e 24
|f 0
|g 0.00
|l 0
|o 690.24 BEC
|p 92410031567
|r 2021-01-17 00:00:00
|t 1
|w 2021-01-17
|y BK15
|x 20070530 0 1
|x GrPaTEI
|
| 952 |
|
|
|0 0
|1 0
|2 ddc
|4 0
|6 690_240000000000000_BEC
|7 1
|9 302017
|a LISK
|b LISK
|c BSC
|d 2021-01-17
|e 24
|f 0
|g 0.00
|l 0
|o 690.24 BEC
|p 92410031568
|r 2021-01-17 00:00:00
|t 1
|w 2021-01-17
|y BKN
|x 20070530 0 0
|x GrPaTEI
|
| 971 |
|
|
|a .b26693252
|b 15-04-20
|c 26-09-16
|
| 999 |
|
|
|c 175557
|d 175557
|